| 000 | 00529nam a2200193 a 4500 | ||
|---|---|---|---|
| 005 | 20240808063812.0 | ||
| 008 | 991125s1897 mx 000 0 spa u | ||
| 035 | _aUPN01000041098 | ||
| 049 | _aCG | ||
| 050 | 4 |
_aLC5309 _bR8.5 1954 |
|
| 100 | 1 | _aRubio, Horacio | |
| 245 | 1 | 3 |
_aEl niño campesino, la huerta y la granja / _cHoracio Rubio. |
| 250 | _a2a ed. | ||
| 260 |
_aMéxico : _bOcampo, _c1897. |
||
| 300 | _a99 p. | ||
| 500 | _aDisponible en la Colección Medina | ||
| 650 | 4 |
_aEducación agrícola _931 |
|
| 905 | _aLibro | ||
| 999 |
_c41098 _d41098 |
||